[Event "RD-2013-0-00099"]
[Site "LSS email"]
[Date "2014.02.19"]
[Round "?"]
[White "Leiva, Juan"]
[Black "Correa de Almeida, Claudio"]
[Result "1/2-1/2"]
[WhiteElo "1576"]
[BlackElo "1477"]
[PlyCount "131"]
[EventDate "2013.12.06"]
[EventType "tourn (corr)"]
[EventRounds "6"]
[EventCountry "GER"]
[SourceTitle "Telechess CBM 167"]
[Source "ChessBase"]
[SourceDate "2015.07.13"]
[SourceVersion "1"]
[SourceVersionDate "2015.07.13"]
[SourceQuality "1"]

1. e4 c5 2. Nf3 g6 3. d4 Bg7 4. c3 cxd4 5. cxd4 d5 6. exd5 Nf6 7. Bb5+ Nbd7 8. Nc3 0-0 9. d6 exd6 10. 0-0 Nb6 11. Re1 a6 12. Bd3 Be6 13. Ng5 Qd7 14. Nxe6 fxe6 15. Be2 Nfd5 16. Bg4 Rae8 17. Ne4 Nc7 18. a4 Nbd5 19. b3 Nf6 20. Nxf6+ Rxf6 21. Qd3 Rf7 22. Ra2 d5 23. g3 Qe7 24. Bd2 Qf6 25. Bc3 h5 26. Bh3 g5 27. Rc2 Rc8 28. Bb2 g4 29. Bf1 h4 30. Re5 hxg3 31. hxg3 Ne8 32. Rh5 Nd6 33. Rxc8+ Nxc8 34. Qh7+ Kf8 35. Qc2 Ne7 36. Bd3 Ke8 37. Rh4 Qf3 38. Qe2 Qxe2 39. Bxe2 Nf5 40. Rxg4 Rc7 41. Bd3 Kf7 42. Rf4 Kf6 43. Kg2 Bf8 44. Rf3 Kg5 45. Bxf5 exf5 46. Rc3 Rxc3 47. Bxc3 Kg6 48. Kf3 b5 49. Ba5 Bd6 50. Bb6 Kf6 51. Bc5 Bc7 52. Bf8 Ke6 53. Bb4 Kf6 54. Bf8 Kg6 55. Be7 Bb6 56. Ke3 Bc7 57. Kd3 Kh5 58. Bf6 bxa4 59. bxa4 Kg4 60. Be5 Bd8 61. Ke2 Bg5 62. f3+ Kh3 63. Kf2 Bd2 64. Bc7 Bc3 65. Bb6 Bb2 66. f4 1/2-1/2

[Event "RD-2013-0-00099"]
[Site "LSS email"]
[Date "2014.02.17"]
[Round "?"]
[White "Leiva, Juan"]
[Black "Rocek, Vladimir"]
[Result "1-0"]
[WhiteElo "1576"]
[BlackElo "1275"]
[PlyCount "73"]
[EventDate "2013.12.06"]
[EventType "tourn (corr)"]
[EventRounds "6"]
[EventCountry "GER"]
[SourceTitle "Telechess CBM 167"]
[Source "ChessBase"]
[SourceDate "2015.07.13"]
[SourceVersion "1"]
[SourceVersionDate "2015.07.13"]
[SourceQuality "1"]

1. e4 e6 2. Nf3 d5 3. Nc3 d4 4. Ne2 c5 5. c3 Nc6 6. cxd4 cxd4 7. Qa4 Bd7 8. Nexd4 Nf6 9. Nxc6 Bxc6 10. Bb5 Rc8 11. Bxc6+ Rxc6 12. 0-0 a6 13. Ne5 b5 14. Nxc6 Qb6 15. Qb3 Qxc6 16. d3 Bd6 17. Be3 Ng4 18. h3 Nxe3 19. fxe3 0-0 20. Rac1 Qd7 21. d4 Bg3 22. Qc3 Qe7 23. Rf3 Bh4 24. g3 Bg5 25. Qc5 f5 26. Qxe7 Bxe7 27. Rc7 Bd6 28. Rc6 fxe4 29. Rxf8+ Bxf8 30. Rxe6 a5 31. Rxe4 Bd6 32. Kg2 Kf7 33. Kf3 Kf6 34. Re8 a4 35. Rd8 Ke6 36. Rxd6+ Kxd6 37. e4 1-0

[Event "LSS No Engine Cup 76 Final"]
[Site "LSS email"]
[Date "2013.06.14"]
[Round "?"]
[White "Barys, Ryszard"]
[Black "Leiva, Juan"]
[Result "1-0"]
[WhiteElo "1269"]
[BlackElo "1556"]
[PlyCount "73"]
[EventDate "2013.06.15"]
[EventType "tourn (corr)"]
[EventRounds "6"]
[EventCountry "GER"]
[SourceTitle "Telechess CBM 163"]
[Source "ChessBase"]
[SourceDate "2014.11.11"]
[SourceVersion "2"]
[SourceVersionDate "2014.11.11"]
[SourceQuality "1"]

1. c4 Nf6 2. Nc3 g6 3. g3 Bg7 4. Bg2 0-0 5. Nf3 d6 6. d4 c6 7. e4 Bg4 8. 0-0 Nbd7 9. h3 Bxf3 10. Bxf3 Qb6 11. Rb1 c5 12. dxc5 Qxc5 13. b3 Rfd8 14. Be3 Qa5 15. Qd2 Rac8 16. Rfc1 a6 17. Bg2 e6 18. Rc2 Qc7 19. Bg5 Bf8 20. Rbc1 Bg7 21. f4 h6 22. Bh4 Qb6+ 23. Kh2 Nc5 24. Rb1 Ncd7 25. Rd1 Nc5 26. Qe3 Rd7 27. Rcd2 Rcd8 28. g4 Qa5 29. Rc2 Qb4 30. Rb1 h5 31. Be1 Qb6 32. b4 Na4 33. c5 Qc6 34. cxd6 hxg4 35. e5 Nd5 36. Bxd5 exd5 37. Qd3 1-0

[Event "LSS No Engine Cup 76 Final"]
[Site "LSS email"]
[Date "2013.06.14"]
[Round "?"]
[White "Leiva, Juan"]
[Black "Gudok, Viktor V"]
[Result "1/2-1/2"]
[WhiteElo "1556"]
[BlackElo "1934"]
[PlyCount "72"]
[EventDate "2013.06.15"]
[EventType "tourn (corr)"]
[EventRounds "6"]
[EventCountry "GER"]
[SourceTitle "Telechess CBM 163"]
[Source "ChessBase"]
[SourceDate "2014.11.11"]
[SourceVersion "2"]
[SourceVersionDate "2014.11.11"]
[SourceQuality "1"]

1. e4 c5 2. Nf3 d6 3. d4 cxd4 4. Qxd4 Nc6 5. Bb5 Bd7 6. Bxc6 Bxc6 7. c4 Nf6 8. Nc3 g6 9. 0-0 Bg7 10. Qd3 0-0 11. Nd4 Rc8 12. Nxc6 bxc6 13. Rb1 Nd7 14. Be3 Qa5 15. b4 Qa6 16. b5 cxb5 17. cxb5 Qb7 18. Qd5 Qc7 19. Ne2 Nb6 20. Qd1 Qc4 21. Nd4 Bxd4 22. Qxd4 Qxd4 23. Bxd4 Rc4 24. Rfd1 Rfc8 25. f3 Rc2 26. a3 f6 27. Ra1 R8c4 28. Be3 Na4 29. Bxa7 Nc3 30. Rd3 Nxb5 31. Be3 Nc3 32. Rd2 Na4 33. Rxc2 Rxc2 34. h4 h5 35. Bh6 Kf7 36. Rc1 Ra2 1/2-1/2

[Event "LSS No Engine Cup 74 Final"]
[Site "LSS email"]
[Date "2013.05.13"]
[Round "?"]
[White "Leiva, Juan"]
[Black "Potemri, Stefan"]
[Result "1-0"]
[WhiteElo "1576"]
[BlackElo "1566"]
[PlyCount "93"]
[EventDate "2013.05.14"]
[EventType "tourn (corr)"]
[EventRounds "6"]
[EventCountry "GER"]
[SourceTitle "Telechess CBM 167"]
[Source "ChessBase"]
[SourceDate "2015.07.13"]
[SourceVersion "1"]
[SourceVersionDate "2015.07.13"]
[SourceQuality "1"]

1. e4 e5 2. Nf3 Nc6 3. Bb5 a6 4. Bxc6 dxc6 5. d4 exd4 6. Qxd4 Qxd4 7. Nxd4 Nf6 8. f3 Bd7 9. Nc3 0-0-0 10. Be3 Bd6 11. 0-0-0 Kb8 12. Nde2 Rhe8 13. Rd2 b5 14. Rhd1 Kc8 15. a3 a5 16. Bd4 Re7 17. g3 Nh5 18. g4 Nf6 19. Kb1 h6 20. Bxf6 gxf6 21. Ng3 Ree8 22. Nh5 Re6 23. Ng7 Re7 24. h3 b4 25. axb4 axb4 26. Ne2 Kb7 27. Nd4 Bf4 28. Rd3 Bc8 29. Nh5 Be5 30. Nb3 Rxd3 31. cxd3 Kb6 32. d4 Be6 33. Nc5 Bd6 34. Nxf6 Bxc5 35. dxc5+ Kxc5 36. Kc2 Bc4 37. f4 Re6 38. e5 Bd5 39. Kd3 Re7 40. Rc1+ Kb5 41. Kd4 Bg2 42. h4 Bh3 43. h5 Re6 44. g5 hxg5 45. Ke4 Bg2+ 46. Kf5 Bf3 47. h6 1-0

[Event "LSS No Engine Cup 74 Final"]
[Site "LSS email"]
[Date "2013.05.13"]
[Round "?"]
[White "Nowak, Andrzej"]
[Black "Leiva, Juan"]
[Result "1/2-1/2"]
[WhiteElo "1475"]
[BlackElo "1576"]
[PlyCount "84"]
[EventDate "2013.05.14"]
[EventType "tourn (corr)"]
[EventRounds "6"]
[EventCountry "GER"]
[SourceTitle "Telechess CBM 167"]
[Source "ChessBase"]
[SourceDate "2015.07.13"]
[SourceVersion "1"]
[SourceVersionDate "2015.07.13"]
[SourceQuality "1"]

1. f4 d5 2. Nf3 c5 3. e3 Nf6 4. b3 Nc6 5. Bb5 Qb6 6. Bxc6+ Qxc6 7. Ne5 Qd6 8. Bb2 Rg8 9. 0-0 g5 10. fxg5 Rxg5 11. Nf3 Rh5 12. Nc3 Ne4 13. Nb5 Qb8 14. d3 Ng5 15. Ne5 Rh6 16. Qe1 Bg7 17. Qg3 f6 18. e4 dxe4 19. dxe4 a6 20. Na3 Ne6 21. Nec4 b5 22. Qxb8 Rxb8 23. Ne3 Bb7 24. Nf5 Rg6 25. Rae1 Rd8 26. Nb1 Bf8 27. Bc1 Nd4 28. Rf2 e6 29. g3 Kf7 30. Nh4 Rg4 31. Bf4 c4 32. h3 Rg8 33. c3 Nc6 34. Kh2 Bc5 35. Rd2 Rd3 36. bxc4 bxc4 37. Rxd3 cxd3 38. Nd2 a5 39. Nhf3 Kg6 40. e5 f5 41. Rb1 Ba6 42. g4 Bc8 1/2-1/2

[Event "LSS No Engine Cup 75 Preliminary 7"]
[Site "LSS email"]
[Date "2012.10.27"]
[Round "?"]
[White "Arango Marin, Sixto Gregorio"]
[Black "Leiva, Juan"]
[Result "0-1"]
[WhiteElo "797"]
[BlackElo "1483"]
[PlyCount "102"]
[EventDate "2012.10.28"]
[EventType "tourn (corr)"]
[EventRounds "6"]
[EventCountry "GER"]
[SourceTitle "Telechess CBM 159"]
[Source "ChessBase"]
[SourceDate "2014.03.17"]
[SourceVersion "1"]
[SourceVersionDate "2014.03.17"]
[SourceQuality "1"]

1. d4 Nf6 2. c4 e6 3. c5 d6 4. Bg5 dxc5 5. Bxf6 Qxf6 6. Nf3 Nc6 7. e3 cxd4 8. Nxd4 Nxd4 9. Qxd4 Qxd4 10. exd4 Bd7 11. a4 0-0-0 12. Bc4 Bc6 13. b3 Bb4+ 14. Ke2 Rxd4 15. Rd1 Rxd1 16. Kxd1 Bxg2 17. Ra2 Bd5 18. Bxd5 Rd8 19. Ke2 Rxd5 20. h3 a5 21. Rc2 Rh5 22. Nd2 Bxd2 23. Kxd2 Rxh3 24. Rb2 h5 25. Ke2 h4 26. b4 Ra3 27. bxa5 Rxa4 28. Rb5 f6 29. Kf3 g5 30. Kg2 f5 31. Re5 Kd7 32. Rb5 g4 33. Rxb7 Rxa5 34. Rb2 Rd5 35. Rc2 c5 36. Kh2 Kd6 37. Kg2 Rd3 38. Rc4 Kd5 39. Ra4 c4 40. Kf1 h3 41. Kg1 c3 42. Ra5+ Ke4 43. Kh2 c2 44. Rc5 Rd2 45. Kg3 f4+ 46. Kh2 Rxf2+ 47. Kg1 Rd2 48. Kh1 g3 49. Rc4+ Kf3 50. Rc3+ Kg4 51. Rc4 Rd1# 0-1

[Event "LSS No Engine Cup 75 Preliminary 7"]
[Site "LSS email"]
[Date "2012.10.27"]
[Round "?"]
[White "Leiva, Juan"]
[Black "Kratky, Josef"]
[Result "1-0"]
[WhiteElo "1483"]
[BlackElo "1148"]
[PlyCount "33"]
[EventDate "2012.10.28"]
[EventType "tourn (corr)"]
[EventRounds "6"]
[EventCountry "GER"]
[SourceTitle "Corr 2015"]
[Source "ChessBase"]
[SourceDate "2015.07.17"]
[SourceVersion "1"]
[SourceVersionDate "2015.07.17"]
[SourceQuality "1"]

1. e4 c5 2. Nf3 g6 3. c3 d5 4. exd5 Qxd5 5. d4 Bg4 6. Nbd2 Bg7 7. Bc4 Qd7 8. Qb3 e6 9. Ne5 Bxe5 10. dxe5 Nc6 11. f3 Bf5 12. g4 Nxe5 13. gxf5 exf5 14. Bb5 Nc6 15. Nc4 a6 16. Bxc6 Qxc6 17. Bf4 1-0

[Event "OP-2012-0-02457"]
[Site "LSS email"]
[Date "2012.10.20"]
[Round "?"]
[White "Kolanek, Roman"]
[Black "Leiva, Juan"]
[Result "1/2-1/2"]
[WhiteElo "2074"]
[BlackElo "1400"]
[PlyCount "33"]
[EventDate "2012.10.16"]
[EventType "tourn (corr)"]
[EventRounds "4"]
[EventCountry "GER"]
[SourceTitle "Corr 2015"]
[Source "ChessBase"]
[SourceDate "2015.07.17"]
[SourceVersion "1"]
[SourceVersionDate "2015.07.17"]
[SourceQuality "1"]

1. d4 Nf6 2. c4 e6 3. Nf3 b6 4. g3 Ba6 5. b3 Bb4+ 6. Bd2 Be7 7. Nc3 c6 8. e4 d5 9. e5 Ne4 10. Bd3 Nxd2 11. Qxd2 0-0 12. 0-0 Bb7 13. Qe2 Nd7 14. a3 Re8 15. Rfc1 c5 16. cxd5 exd5 17. Qd2 1/2-1/2

[Event "OP-2012-0-02457"]
[Site "LSS email"]
[Date "2012.10.20"]
[Round "?"]
[White "Leiva, Juan"]
[Black "Lewis, Jerome A"]
[Result "1-0"]
[WhiteElo "1400"]
[BlackElo "1077"]
[PlyCount "91"]
[EventDate "2012.10.16"]
[EventType "tourn (corr)"]
[EventRounds "4"]
[EventCountry "GER"]
[SourceTitle "Telechess CBM 165"]
[Source "ChessBase"]
[SourceDate "2015.03.11"]
[SourceVersion "1"]
[SourceVersionDate "2015.03.11"]
[SourceQuality "1"]

1. e4 e6 2. Nf3 d5 3. Nc3 Nf6 4. e5 Nfd7 5. d4 c5 6. dxc5 Nxc5 7. Nb5 a6 8. Nbd4 Be7 9. Be2 Nc6 10. Nxc6 bxc6 11. 0-0 0-0 12. c4 a5 13. Be3 Ba6 14. Rc1 Qb6 15. Qc2 Rac8 16. Ng5 g6 17. Nf3 Rfd8 18. Rfd1 Qb4 19. Bd2 Qa4 20. b3 Qa3 21. Be1 dxc4 22. Bxc4 Rxd1 23. Rxd1 Bxc4 24. bxc4 Rb8 25. Bc3 Na4 26. Bd4 c5 27. Rd3 cxd4 28. Rxa3 Bxa3 29. g3 Nb2 30. Nxd4 Rb4 31. Kg2 Nxc4 32. Qe4 Bb2 33. Qa8+ Kg7 34. Nc6 Ra4 35. Qb7 Bxe5 36. Qb5 Ne3+ 37. fxe3 Rxa2+ 38. Kf3 Bf6 39. Nxa5 Rxh2 40. Nc4 h5 41. Qd7 h4 42. Nd6 Be5 43. Qxf7+ Kh6 44. Qf8+ Kh7 45. Qe7+ Bg7 46. Ne8 1-0

[Event "LSS No Engine Cup 74 Preliminary 3"]
[Site "LSS email"]
[Date "2012.10.09"]
[Round "?"]
[White "Bester, Kazimierz"]
[Black "Leiva, Juan"]
[Result "0-1"]
[WhiteElo "817"]
[BlackElo "1545"]
[PlyCount "110"]
[EventDate "2012.10.10"]
[EventType "tourn (corr)"]
[EventRounds "6"]
[EventCountry "GER"]
[SourceTitle "Telechess CBM 159"]
[Source "ChessBase"]
[SourceDate "2014.03.17"]
[SourceVersion "1"]
[SourceVersionDate "2014.03.17"]
[SourceQuality "1"]

1. d4 Nf6 2. Nf3 g6 3. e3 Bg7 4. Be2 0-0 5. 0-0 d6 6. Nbd2 Nbd7 7. Nb3 e5 8. dxe5 Nxe5 9. c4 Be6 10. Qc2 Bf5 11. Qc3 Ne4 12. Qb4 b6 13. Qe1 Nxf3+ 14. Bxf3 Re8 15. Nd2 a5 16. Rb1 Nxd2 17. Bxd2 Bxb1 18. Bxa8 Bd3 19. Bc6 Rf8 20. Bc3 Bxf1 21. Kxf1 Qe7 22. Bxg7 Kxg7 23. b4 axb4 24. Qxb4 Qe5 25. a4 f6 26. Bd5 Qxh2 27. g3 Qh3+ 28. Ke2 Qg4+ 29. Bf3 Qg5 30. Qc3 Qe5 31. Qb3 Re8 32. Bd5 f5 33. Bc6 Re7 34. f4 Qc5 35. Qc3+ Kh6 36. Bf3 c6 37. Kf2 d5 38. Be2 dxc4 39. Bxc4 b5 40. axb5 cxb5 41. g4 fxg4 42. Qe1 Qxe3+ 43. Qxe3 Rxe3 44. Bxb5 Rf3+ 45. Kg2 Rxf4 46. Kg3 Kg5 47. Bd7 h5 48. Be8 h4+ 49. Kg2 h3+ 50. Kg3 Rf3+ 51. Kh2 Kh4 52. Bxg6 g3+ 53. Kg1 Ra3 54. Be4 Ra1+ 55. Bb1 Rxb1# 0-1

[Event "LSS No Engine Cup 74 Preliminary 3"]
[Site "LSS email"]
[Date "2012.10.09"]
[Round "?"]
[White "Leiva, Juan"]
[Black "Shim Ng Min, Francis"]
[Result "1-0"]
[WhiteElo "1545"]
[BlackElo "856"]
[PlyCount "47"]
[EventDate "2012.10.10"]
[EventType "tourn (corr)"]
[EventRounds "6"]
[EventCountry "GER"]
[SourceTitle "Telechess CBM 159"]
[Source "ChessBase"]
[SourceDate "2014.03.17"]
[SourceVersion "1"]
[SourceVersionDate "2014.03.17"]
[SourceQuality "1"]

1. e4 c5 2. Nf3 Nc6 3. Bb5 d6 4. Bxc6+ bxc6 5. b3 e5 6. h3 Nf6 7. d3 Be7 8. Nbd2 0-0 9. 0-0 h6 10. c3 Ba6 11. Re1 Qc7 12. d4 cxd4 13. cxd4 exd4 14. Nxd4 Nd7 15. Bb2 Bf6 16. Rc1 c5 17. Qc2 Qd8 18. Nf5 Bxb2 19. Qxb2 Nf6 20. Nf3 Qb6 21. Nxh6+ Kh7 22. Nf5 Rfe8 23. Qd2 Nxe4 24. Rxe4 1-0

[Event "LSS No Engine Cup 74 Preliminary 3"]
[Site "LSS email"]
[Date "2012.10.09"]
[Round "?"]
[White "Molina, Vicente Andres"]
[Black "Leiva, Juan"]
[Result "0-1"]
[WhiteElo "773"]
[BlackElo "1545"]
[PlyCount "54"]
[EventDate "2012.10.10"]
[EventType "tourn (corr)"]
[EventRounds "6"]
[EventCountry "GER"]
[SourceTitle "Telechess CBM 159"]
[Source "ChessBase"]
[SourceDate "2014.03.17"]
[SourceVersion "1"]
[SourceVersionDate "2014.03.17"]
[SourceQuality "1"]

1. c4 e6 2. Nc3 Bb4 3. a3 Bxc3 4. bxc3 Nf6 5. d4 d6 6. g3 0-0 7. Bg2 e5 8. dxe5 dxe5 9. Bg5 Nbd7 10. e4 Qe7 11. Ne2 h6 12. Be3 Nc5 13. f3 Rd8 14. Qc2 Be6 15. 0-0 Bxc4 16. Rf2 Rd3 17. Bd2 Nb3 18. Rd1 Qxa3 19. Nc1 Rd6 20. Bf1 Na1 21. Qb1 Rb6 22. Qxb6 axb6 23. Bxc4 Qa4 24. Be2 Rd8 25. Rff1 Qc2 26. Be3 Rxd1 27. Bxd1 Qxc3 0-1

[Event "CP-2012-P-00042"]
[Site "LSS email"]
[Date "2012.10.01"]
[Round "?"]
[White "Weiss, Lester P"]
[Black "Leiva, Juan"]
[Result "1-0"]
[WhiteElo "1882"]
[BlackElo "1545"]
[PlyCount "79"]
[EventDate "2012.10.05"]
[EventType "tourn (corr)"]
[EventRounds "6"]
[EventCountry "GER"]
[SourceTitle "Telechess CBM 161"]
[Source "ChessBase"]
[SourceDate "2014.07.16"]
[SourceVersion "1"]
[SourceVersionDate "2014.07.16"]
[SourceQuality "1"]

1. e4 c5 2. Nf3 a6 3. c3 e6 4. d4 d5 5. e5 Bd7 6. Bd3 Bb5 7. Bxb5+ axb5 8. dxc5 Bxc5 9. b4 Bb6 10. Na3 Qd7 11. Qe2 Ne7 12. 0-0 Nbc6 13. Nxb5 0-0 14. a4 Ng6 15. h4 Bc7 16. Nxc7 Qxc7 17. Re1 Nge7 18. h5 h6 19. a5 Nf5 20. Bd2 Rfc8 21. g4 Nfe7 22. Kg2 Qd7 23. a6 bxa6 24. Rxa6 Rxa6 25. Qxa6 Nb8 26. Qb6 Qa4 27. Qa5 Qxa5 28. bxa5 Nec6 29. Ra1 Na6 30. Bf4 Kf8 31. Nd4 Ke8 32. Rb1 Nxd4 33. cxd4 Rc4 34. Rb6 Nc7 35. Rb8+ Kd7 36. Be3 Ra4 37. Rf8 Ke7 38. Rg8 Ne8 39. Bxh6 gxh6 40. g5 1-0

[Event "SE-2012-0-00118"]
[Site "LSS email"]
[Date "2012.09.19"]
[Round "?"]
[White "Sirotkin, Evgenji"]
[Black "Leiva, Juan"]
[Result "1-0"]
[WhiteElo "1621"]
[BlackElo "1481"]
[PlyCount "41"]
[EventDate "2012.08.02"]
[EventType "tourn (corr)"]
[EventRounds "6"]
[EventCountry "GER"]
[SourceTitle "Telechess CBM 159"]
[Source "ChessBase"]
[SourceDate "2014.03.17"]
[SourceVersion "1"]
[SourceVersionDate "2014.03.17"]
[SourceQuality "1"]

1. d4 d6 2. c4 g6 3. Nc3 Bg7 4. Nf3 Nf6 5. e4 0-0 6. Be2 e5 7. d5 a5 8. Bg5 Na6 9. Nd2 h6 10. Be3 Nc5 11. 0-0 Bd7 12. b3 Nh7 13. a3 f5 14. f3 f4 15. Bf2 Qe7 16. b4 Na6 17. c5 Qg5 18. Kh1 Qe7 19. Nc4 Ng5 20. cxd6 cxd6 21. Nxa5 1-0

[Event "SE-2012-0-00118"]
[Site "LSS email"]
[Date "2012.09.18"]
[Round "?"]
[White "Leiva, Juan"]
[Black "Van de Peut, Aart A"]
[Result "1-0"]
[WhiteElo "1481"]
[BlackElo "1392"]
[PlyCount "109"]
[EventDate "2012.08.02"]
[EventType "tourn (corr)"]
[EventRounds "6"]
[EventCountry "GER"]
[SourceTitle "Telechess CBM 159"]
[Source "ChessBase"]
[SourceDate "2014.03.17"]
[SourceVersion "1"]
[SourceVersionDate "2014.03.17"]
[SourceQuality "1"]

1. e4 e5 2. Nf3 Nc6 3. Bb5 a6 4. Bxc6 dxc6 5. d4 exd4 6. Qxd4 Qxd4 7. Nxd4 Bd7 8. Be3 0-0-0 9. Nc3 Bb4 10. Nde2 Nf6 11. f3 Rhe8 12. 0-0-0 Ng8 13. a3 Bd6 14. Bf4 Re6 15. Rd2 Rg6 16. g3 Bxf4 17. Nxf4 Rd6 18. Rhd1 Rxd2 19. Rxd2 f6 20. b3 Nh6 21. Nh5 Rg8 22. Kd1 Nf7 23. Ke2 Ne5 24. Nd1 Be8 25. Nf4 g5 26. Nd3 Nxd3 27. Rxd3 Bg6 28. Ne3 Re8 29. Kf2 Rd8 30. Rxd8+ Kxd8 31. b4 Bf7 32. c4 Kd7 33. c5 Ke6 34. f4 h6 35. Ke2 gxf4 36. gxf4 Bh5+ 37. Kd3 Bf3 38. Nf5 Bg2 39. Nxh6 Bh3 40. Ke3 b6 41. f5+ Ke7 42. Kf4 Kf8 43. Ng4 Ke7 44. Nf2 Bf1 45. e5 fxe5+ 46. Kxe5 Bc4 47. Ne4 Bd5 48. Ng5 Bb3 49. f6+ Kd7 50. h4 Bd1 51. Ne6 Bh5 52. Ng7 Bg6 53. h5 Bh7 54. Ne6 a5 55. f7 1-0

[Event "OP-2012-0-02383"]
[Site "LSS email"]
[Date "2012.09.01"]
[Round "?"]
[White "Leiva, Juan"]
[Black "Nouveau, Laurent"]
[Result "1-0"]
[WhiteElo "1400"]
[BlackElo "1361"]
[PlyCount "108"]
[EventDate "2012.08.28"]
[EventType "tourn (corr)"]
[EventRounds "4"]
[EventCountry "GER"]
[SourceTitle "Telechess CBM 165"]
[Source "ChessBase"]
[SourceDate "2015.03.11"]
[SourceVersion "1"]
[SourceVersionDate "2015.03.11"]
[SourceQuality "1"]

1. e4 c5 2. Nf3 e6 3. c3 d5 4. exd5 Qxd5 5. d4 Nf6 6. Be3 cxd4 7. cxd4 Nc6 8. Nc3 Qd6 9. a3 Be7 10. Bd3 0-0 11. Qc2 Bd7 12. 0-0 Rac8 13. Rad1 Rfd8 14. Rfe1 Be8 15. d5 exd5 16. Bg5 h6 17. Bxf6 Bxf6 18. Bh7+ Kf8 19. Rxd5 Qc7 20. Rxd8 Rxd8 21. Ne4 Be7 22. Bf5 Qb6 23. Qc3 Qa5 24. g4 Qxc3 25. Nxc3 Bf6 26. Re2 Bxc3 27. bxc3 Rd1+ 28. Re1 Rxe1+ 29. Nxe1 Ne5 30. Kg2 Ba4 31. Kg3 Nc4 32. Bc2 Bc6 33. a4 Nb6 34. a5 Nc4 35. a6 bxa6 36. Nd3 a5 37. Nc5 g5 38. h4 Ke7 39. hxg5 hxg5 40. f4 Kd6 41. Nb3 Ne3 42. Bd3 a4 43. Nd4 f6 44. Bb5 Bxb5 45. Nxb5+ Kc5 46. Na3 Nc4 47. Nc2 a3 48. Kf3 a2 49. fxg5 fxg5 50. Ke4 a5 51. Kd3 Ne5+ 52. Ke4 Nxg4 53. Kf5 Kc4 54. Kxg4 Kxc3 1-0

[Event "OP-2012-0-02383"]
[Site "LSS email"]
[Date "2012.09.01"]
[Round "?"]
[White "Pilarska, Lucyna"]
[Black "Leiva, Juan"]
[Result "1/2-1/2"]
[WhiteElo "2383"]
[BlackElo "1400"]
[PlyCount "37"]
[EventDate "2012.08.28"]
[EventType "tourn (corr)"]
[EventRounds "4"]
[EventCountry "GER"]
[SourceTitle "Corr 2015"]
[Source "ChessBase"]
[SourceDate "2015.07.17"]
[SourceVersion "1"]
[SourceVersionDate "2015.07.17"]
[SourceQuality "1"]

1. e4 c5 2. Nf3 a6 3. c3 e6 4. d4 d5 5. e5 Nc6 6. Be2 Bd7 7. 0-0 Rc8 8. Be3 Qb6 9. Qd2 cxd4 10. cxd4 Nge7 11. Nc3 Na5 12. Rac1 Nc4 13. Bxc4 Rxc4 14. b3 Rc7 15. Qd3 Nc6 16. Na4 Qa7 17. Nc5 Bc8 18. Qd2 b6 19. Nd3 1/2-1/2

[Event "LSS No Engine Cup 71 Preliminary 2"]
[Site "LSS email"]
[Date "2012.08.27"]
[Round "?"]
[White "Leiva, Juan"]
[Black "Werner, Guenter"]
[Result "1-0"]
[WhiteElo "1466"]
[BlackElo "1017"]
[PlyCount "51"]
[EventDate "2012.08.28"]
[EventType "tourn (corr)"]
[EventRounds "6"]
[EventCountry "GER"]
[SourceTitle "Telechess CBM 165"]
[Source "ChessBase"]
[SourceDate "2015.03.11"]
[SourceVersion "1"]
[SourceVersionDate "2015.03.11"]
[SourceQuality "1"]

1. e4 e5 2. Nf3 Nc6 3. Bb5 a6 4. Bxc6 dxc6 5. d4 exd4 6. Qxd4 Qxd4 7. Nxd4 Nf6 8. f3 c5 9. Ne2 b5 10. Bf4 c6 11. Nbc3 Bd7 12. 0-0-0 0-0-0 13. e5 Ne8 14. Rd2 Be6 15. Rxd8+ Kxd8 16. Rd1+ Kc7 17. Ne4 Kb7 18. Rd8 Be7 19. Nd6+ Nxd6 20. Rxh8 Nf5 21. Rxh7 Bc4 22. Nc3 f6 23. g4 Bg8 24. Rh8 Nh6 25. Bxh6 b4 26. Rxg8 1-0

[Event "OP-2012-0-02368"]
[Site "LSS email"]
[Date "2012.08.20"]
[Round "?"]
[White "Pilgram, Kurt"]
[Black "Leiva, Juan"]
[Result "1/2-1/2"]
[WhiteElo "1602"]
[BlackElo "1257"]
[PlyCount "54"]
[EventDate "2012.08.17"]
[EventType "tourn (corr)"]
[EventRounds "4"]
[EventCountry "GER"]
[SourceTitle "Telechess CBM 153"]
[Source "ChessBase"]
[SourceDate "2013.03.14"]
[SourceVersion "1"]
[SourceVersionDate "2013.03.14"]
[SourceQuality "1"]

1. e4 c5 2. Nf3 a6 3. d4 cxd4 4. Nxd4 Nf6 5. Nc3 e5 6. Nb3 Bb4 7. Bd3 d5 8. exd5 Bxc3+ 9. bxc3 Qxd5 10. 0-0 0-0 11. c4 Qc6 12. Re1 Re8 13. Bb2 Nbd7 14. Nd2 Rb8 15. Re3 b6 16. Qe2 Bb7 17. f3 Rbd8 18. Re1 Bc8 19. Bxe5 Nxe5 20. Rxe5 Rxe5 21. Qxe5 Re8 22. Qa1 Qc5+ 23. Kh1 Be6 24. Qe5 Qxe5 25. Rxe5 Rc8 26. Kg1 g6 27. Kf2 Nd7 1/2-1/2

[Event "OP-2012-0-02298"]
[Site "LSS email"]
[Date "2012.07.15"]
[Round "?"]
[White "Leiva, Juan"]
[Black "Jarabinsky, Martin"]
[Result "1/2-1/2"]
[WhiteElo "1400"]
[BlackElo "2127"]
[PlyCount "106"]
[EventDate "2012.07.12"]
[EventType "tourn (corr)"]
[EventRounds "4"]
[EventCountry "GER"]
[SourceTitle "Telechess CBM 165"]
[Source "ChessBase"]
[SourceDate "2015.03.11"]
[SourceVersion "1"]
[SourceVersionDate "2015.03.11"]
[SourceQuality "1"]

1. e4 e5 2. Nf3 Nc6 3. Bb5 a6 4. Bxc6 dxc6 5. d4 exd4 6. Qxd4 Qxd4 7. Nxd4 Bd7 8. Nc3 0-0-0 9. Be3 Ne7 10. 0-0-0 Ng6 11. Nb3 b6 12. a3 Be7 13. f4 Rhe8 14. g3 c5 15. Nd2 f6 16. h3 Bf8 17. a4 Nh8 18. a5 Nf7 19. axb6 cxb6 20. Nc4 b5 21. Nb6+ Kc7 22. Nxd7 Rxd7 23. Rd3 c4 24. Rd4 Rxd4 25. Bxd4 Kc6 26. Re1 Bb4 27. Re2 Nd6 28. e5 fxe5 29. Rxe5 Rxe5 30. Bxe5 Bxc3 31. Bxc3 Kd5 32. Kd1 Ke4 33. Ke2 Nf5 34. g4 Nd4+ 35. Kf2 g6 36. Bxd4 Kxd4 37. Kf3 b4 38. f5 Ke5 39. Ke3 a5 40. f6 Kxf6 41. Kd4 Kg5 42. Kxc4 Kh4 43. Kb5 Kxh3 44. c4 bxc3 45. bxc3 Kxg4 46. c4 a4 47. Kxa4 Kf5 48. Ka5 Ke6 49. Kb6 Kd7 50. Kb7 Kd6 51. Kb6 Kd7 52. Kb7 Kd6 53. Kb6 Kd7 1/2-1/2